Historia de la estética / (Record no. 171242)

MARC details
000 -LEADER
campo de control de longitud fija 00814nam a2200217 i 4500
001 - NÚMERO DE CONTROL
campo de control 171242
003 - IDENTIFICADOR DE NÚMERO DE CONTROL
campo de control ES-MaACL
005 - FECHA Y HORA DE LA ÚLTIMA TRANSACCIÓN
campo de control 20250808062757.0
008 - DATOS DE LONGITUD FIJA--INFORMACIÓN GENERAL
campo de control de longitud fija 090506s1963 sp |||| | spa d
017 ## - NÚMERO DE COPYRIGHT O DE DEPÓSITO LEGAL
Número de copyright o de depósito legal M 9485-1963
100 0# - ENTRADA PRINCIPAL--NOMBRE DE PERSONA
Nombre de persona Bruyne, Edgar de.
9 (RLIN) 32240
245 10 - MENCIÓN DEL TÍTULO
Título Historia de la estética /
Mención de responsabilidad, etc. por Edgar de Bruyne ; traducción de Armando Suárez.
260 ## - PUBLICACIÓN, DISTRIBUCIÓN, ETC.
Lugar de publicación, distribución, etc. Madrid :
Nombre del editor, distribuidor, etc. La Editorial Católica,
Fecha de publicación, distribución, etc. 1963.
300 ## - DESCRIPCIÓN FÍSICA
Extensión 2 v. ;
Dimensiones 20 cm.
490 1# - MENCIÓN DE SERIE
Mención de serie Biblioteca de autores cristianos ;
Designación de volumen o secuencia 227, 228
505 8# - NOTA DE CONTENIDO CON FORMATO
Nota de contenido con formato Contiene : I. La antigüedad griega y romana (XI, 486 p.) ; II. La antigüedad cristiana. La Edad media (X, 776 p.)
700 0# - ENTRADA AGREGADA--NOMBRE PERSONAL
Nombre de persona Suárez, Armando.
9 (RLIN) 108544
830 00 - PUNTO DE ACCESO ADICIONAL DE SERIE-TÍTULO UNIFORME
Título uniforme Biblioteca de autores cristianos
Designación de volumen o secuencia 227, 228
9 (RLIN) 178679
852 ## - LOCALIZACIÓN
Ubicación ES-MaACL
Número de control de estantería J-222-23
itemnumber R.46092
Holdings
Estatus retirado Estado de pérdida Estado de daño No para préstamo Biblioteca de origen Biblioteca actual Ubicación en estantería Fecha de adquisición Fuente de adquisición Total de préstamos Signatura topográfica completa Código de barras Visto por última vez Precio de reemplazo Tipo de ítem Koha
        Biblioteca del Ateneo de Madrid Biblioteca del Ateneo de Madrid Depósito 2 06/05/2009     J-222-23 1179709 23/02/2023 23/02/2023 Libro impreso